| 000 | 00457cam a2200181ua 4500 | ||
|---|---|---|---|
| 020 | _c3.00 | ||
| 041 |
_ahin _h |
||
| 082 |
_a891.43 _bSRE/SA |
||
| 100 | _aSreepad Dhamodhar, Satvalekar . | ||
| 245 |
_aSanskrit swayam shikshak / _cSreepad Dhamodar Satvalekar. _hTextual Documents |
||
| 250 |
_a1 / _b. |
||
| 260 |
_a : _bRajpal and Sanch , _c1960. |
||
| 300 | _a300 ; . | ||
| 365 | _a3.00 | ||
| 504 | _a | ||
| 942 | _cBK | ||
| 999 |
_c11915 _d11915 |
||